Taxation in Egypt from Augustus to Diocletian /

محفوظ في:

المؤلف الرئيسي: Wallace, Sherman LeRoy, 1902- (مؤلف)

التنسيق: كتاب

اللغة: English

منشور في: Princeton : London : Princeton University Press ; H. Milford, Oxford University Press, 1938.

سلاسل: Princeton University studies in papyrology ; 2.
PUSP ; 2.

الموضوعات:

الوسوم: إضافة وسم

لا توجد وسوم, كن أول من يضع وسما على هذه التسجيلة!

رقم الطلب: HJ213 .W2 1938

LEADER 00951nam a22002777a 4500
003 OSt
005 20250825101022.0
008 250303s1938 nju 000 0 eng
010 |a 38015675 
040 |c ARCE Library 
043 |a f-ua--- 
050 1 4 |a HJ213   |b .W2 1938 
100 1 |a Wallace, Sherman LeRoy,  |d 1902-   |e author 
245 1 0 |a Taxation in Egypt from Augustus to Diocletian /   |c by Sherman LeRoy Wallace. 
264 1 |a Princeton :   |b Princeton University Press ;   |a London :   |b H. Milford, Oxford University Press,   |c 1938. 
300 |a ix p., 1 leaf, 512 p. ;   |c 23 cm. 
490 1 |a Princeton University studies in papyrology ;   |v 2. 
490 1 |a PUSP ;   |v 2. 
650 0 |a Taxation  |z Egypt  |x History. 
651 0 |a Egypt  |x Economic conditions. 
651 0 |a Egypt  |x History  |y 30 B.C.-640 A.D. 
830 0 |a Princeton University studies in papyrology ;   |v 2. 
830 0 |a PUSP ;   |v 2. 
901 |a reviewed 
942 |c BK  |2 lcc 
999 |c 10357  |d 10357